000 00373nam a2200157Ia 4500
008 221030s9999 xx 000 0 und d
020 _a8172242808
041 _aEnglish
082 _a105.23
_bNag
100 _aE. Nagler
245 0 _aLearning C++ - A Hands On Approach
260 _bJaico Pub House
_aMumbai
_c2002
300 _a658
650 _aComputers
942 _cBK
999 _c1392
_d1392